00615nam a2200205 a 45000010005000000030009000050050017000140080042000310200015000730400038000880820019001261000020001452450091001652500012002562600031002683000045002995000030003446500015003747000020003894374BD-DhUAP20201117143546.0201117s1996 nyua 000 0 eng d a0471120766 aBD-DhAALcBD-DhAALbengdBD-DhUAP00a540.76 BRA223 aBrady, James E.12aChemistry :b the study of matter and its changes /cJames E. Brady and John R. Holum. a2nd ed. aNew York :bWiley,cc1996. avarious pages :billustrations ;c25 cm. aStudent solutions manual. 0aChemistry. aHolum, John R.